000 00621nam a2200181Ia 4500
008 100917s9999 xx 000 0 und d
082 _b37554
100 _aकलगुटकर हिराकांत
245 _aमाझी बायको माझी मेहुणी
260 _bमेहता पब्लिशिंग हाऊस
_c1979
300 _a57
365 _b6
520 _aनाटक
630 _aमाझी बायको माझी मेहुणी
650 _aनाटक
730 _aमाझी बायको माझी मेहुणी
942 _cBOOK
999 _c642948
_d642945